000 00404cam a22001097a 4500
008 180718b1957 xxu||||| |||| 00| 0 eng d
082 _aR11x54 In2g
245 _aPattern of gradute unemployment
_cby National Employment Service, Ministry of Labour and Employment
260 _aNew Delhi
_bAlibon Press
_c1957
300 _a24p
700 _aIndia. National Employment Service, Ministry of Labour and Employment
999 _c495360
_d495360